Burger King Whopper Lyrics (King On A Budget) - Statistics

General Stats
  • This quiz has been taken 83 times
  • The average score is 28 of 39
Answer Stats
Lyrics % Correct
A
93%
A
93%
King
93%
Budget
91%
On
86%
You
82%
Like
79%
BK
77%
Eat
77%
Have
77%
Rule!
77%
Drink
75%
It
75%
Way
75%
Your
75%
Fries
74%
Who's
74%
Nuggets
72%
That
72%
That
72%
For
70%
And
68%
At
67%
Five
67%
The
67%
Be
65%
Bucks
65%
Can't
65%
Right
65%
All
63%
Price
61%
Tasty
61%
Just
60%
That's
60%
Three
60%
Confirm
56%
Options
56%
Real
56%
Wait
56%
No matching quizzes found
Score Distribution
Percent of People with Each Score
Percentile by Number Answered
Your Score History
You have not taken this quiz